Statistics for 20 Largest 'Solar system' bodies by radius in km.

Click here to take the quiz!

General Stats

  • This quiz has been taken 425 times
    (337 since last reset)
  • The average score is 17 of 20

Answer Stats

Hint Answer % Correct
69,911Jupiter
99%
58,232Saturn
99%
3,389Mars
99%
696,000Sun
98%
25,362Uranus
98%
24,622Neptune
98%
6,371Earth
98%
6,052Venus
98%
2,440Mercury
97%
1,184Pluto
95%
2,576Titan
88%
1,737Moon
86%
1,821Io
83%
1,560Europa
79%
2,634Ganymede
76%
2,410Callisto
67%
1,353Triton
61%
1,163Eris
54%
788Titania
40%
765Rhea
37%

Score Distribution

Percentile by Number Answered

Percent of People with Each Score

Your Score History

You have not taken this quiz since the last reset